| 000 | 00683cam a22002413a 4500 | ||
|---|---|---|---|
| 001 | 20217 | ||
| 003 | PGUSA | ||
| 005 | 20140828083428.0 | ||
| 008 | 061229s2006||||xxu|||||s|||||000 | eng d | ||
| 040 |
_aPGUSA _beng |
||
| 042 | _adc | ||
| 050 | 4 | _aPT | |
| 100 | 1 |
_aKotzebue, August von, _d1761-1819 |
|
| 245 | 1 | 4 |
_aThe Stranger : _bA Drama, in Five Acts _h[electronic resource] / _cAugust von Kotzebue |
| 260 |
_bProject Gutenberg, _c2006 |
||
| 506 | _aPublic domain in the USA. | ||
| 516 | _aElectronic text | ||
| 653 | _aDrama | ||
| 700 | 1 |
_aThompson, Benjamin, _d-1816 |
|
| 830 | 0 |
_aProject Gutenberg _v20217 |
|
| 856 | 4 | 0 | _uhttp://www.gutenberg.org/ebooks/20217 |
| 942 | _cEB | ||
| 999 |
_c249472 _d249472 |
||